00636nam a22002057a 450000500170000001000130001702000220003003500130005203700160006504000120008108200220009310000150011524500720013026000460020227000550024830000250030350000190032865000330034765000500038020170124105932.0 aB-011517 c00.00a0195648994 aB-011517 bCen Lib/Ret aDPLbEN a320.95409047bDHA aDhar, P.N. aIndira Gandhi, the emergency, and Indian democracy /cby P.N. Dhar  aNew Delhi bOxford University Pressc2000 bNew Delhi aYMCA building, jai singh road e110001 axii, 424p.c20cm(Hb) aIncludes index aGandhi, Indira, -- 1917-1984 aIndia -- Politics and government -- 1975-1977